000 00469nam a2200169Ia 4500
003 GCL
008 140319s9999 xx 000 0 ara d
040 _aGCL /
_cGCL
082 0 4 _a860
_bم ا
100 1 _aفاكو ميشال
245 1 0 _aانتصار بارد اليان /
_cفاكو ميشال
260 _a[S.N] :
_bالمكتبة الثقافية
300 _a950 ص
490 _a
650 0 4 _aالقصص العربية المترجمة
942 _2ddc
_cBK
999 _c54280
_d54280